Cadernos FGV Direito Rio - Sřie Cln̕icas. Educaȯ̂ e Direito Vol. 1

Bibliographic Details
Format: eBook
Language:Portuguese
Published: Rio de Janeiro: FGV - Direito Rio, 2013
Series:Cadernos FGV Direito Rio - Sřie Cln̕icas. Educaȯ̂ e Direito
Subjects:
Online Access:Acceso restringido

MARC

LEADER 00000nam a22000007a 4500
005 2014071408528.0
007 cr|||| ||||
008 140714s2013 br |||||s|||| 00||0 por d
020 |a 978-85-63265-25-8 
035 |a 12264 
040 |a vLex 
090 |c 5043  |d 5043 
245 0 0 |a Cadernos FGV Direito Rio - Sřie Cln̕icas.  |h [Recurso electrn̤ico] :  |b Educaȯ̂ e Direito  |n Vol. 1 
256 |a Servicio en ln̕ea 
260 |a Rio de Janeiro:  |b FGV - Direito Rio,  |c 2013 
300 |a 1 recurso electrn̤ico 
490 0 0 |a Cadernos FGV Direito Rio - Sřie Cln̕icas. Educaȯ̂ e Direito 
506 1 |a Disponible solo en los productos indicados  |d vLex Global  |d vLex Global (Academic Edition, excluding Law Schools)  |d vLex Global (U.S. Academic Edition, Law Schools)  |d vLex Global (U.S. Academic Edition, excluding Law Schools)  |d vLex Global (Academic Edition, Law Schools) 
650 0 4 |a Derecho Civil  |z Brasil 
740 0 |a vLex Libros (Servicio en ln̕ea) 
856 4 0 |u http://vlex.com/source/cadernos-fgv-direito-rio-serie-clinicas-educa-o-direito-vol-1-12264  |z Acceso restringido 
942 |c BOOK 
999 0 |a Civil Law